[Event "Grenzturnering Mester 2015-16"]
[Site "Oster Hojst"]
[Date "2015.10.20"]
[Round "1"]
[White "Christiansen, Nahmen"]
[Black "Millgramm, Stephan"]
[Result "0-1"]
[WhiteElo "1710"]
[BlackElo "1817"]
[PlyCount "92"]
[EventDate "2015.??.??"]

1. e4 e6 2. d4 d5 3. exd5 exd5 4. Nf3 Bd6 5. Bd3 Qe7+ 6. Be3 Nf6 7. O-O O-O 8.
Re1 Bg4 9. Nbd2 Re8 10. c3 c6 11. h3 Bh5 12. Qc2 Qc7 13. Bg5 Nbd7 14. Bxf6 Nxf6
15. Ng5 Bg6 16. Rac1 Bxd3 17. Qxd3 Bf4 18. Ngf3 Ne4 19. Rcd1 f5 20. Qf1 Re6 21.
Nxe4 fxe4 22. Nd2 Rae8 23. Nb3 Qf7 24. Na1 Rf6 25. Nc2 Bh2+ 26. Kxh2 Rxf2 27.
Qg1 Qf4+ 28. Kh1 Rxc2 29. Rb1 Rf8 30. Rf1 Rf2 31. Rxf2 Qxf2 32. Qxf2 Rxf2 33.
Kg1 Rc2 34. a3 Kf7 35. Rf1+ Ke6 36. Rf2 Rxf2 37. Kxf2 Kf5 38. Ke3 h5 39. g3 g5
40. b3 b5 41. a4 bxa4 42. bxa4 a5 43. Kf2 h4 44. gxh4 gxh4 45. Kg2 Kf4 46. Kf2
e3+ 0-1

[Event "Grenzturnering Mester 2015-16"]
[Site "Oster Hojst"]
[Date "2015.??.??"]
[Round "1"]
[White "Falsig, Niels"]
[Black "Isler, Benjamin"]
[Result "1-0"]
[WhiteElo "1879"]
[BlackElo "1651"]
[PlyCount "75"]
[EventDate "2015.??.??"]

1. d4 e6 2. Nf3 d5 3. Bf4 Nf6 4. e3 c5 5. c4 Nc6 6. Nc3 Qb6 7. Rb1 cxd4 8. exd4
Bb4 9. a3 Bxc3+ 10. bxc3 Qa5 11. Qb3 Ne4 12. Rc1 h6 13. Bd3 g5 14. Be3 f5 15.
O-O f4 16. Bxe4 dxe4 17. d5 Nd8 18. Bd4 Rh7 19. Nd2 exd5 20. cxd5 Bf5 21. Rfe1
Re7 22. d6 Re6 23. Nc4 Qd5 24. Rb1 e3 25. Qa4+ Nc6 26. Rxb7 Kf8 27. fxe3 Nxd4
28. Qd7 Rg6 29. Qe7+ Kg8 30. exf4 Nf3+ 31. gxf3 gxf4+ 32. Kf2 Qc5+ 33. Ne3 Be6
34. Qh7+ Kf8 35. Qxg6 Qxd6 36. Qf6+ Ke8 37. Nf5 Qd2+ 38. Re2 1-0

[Event "Grenzturnering Mester 2015-16"]
[Site "Oster Hojst"]
[Date "2015.10.20"]
[Round "1"]
[White "Gutschenreiter, Donato"]
[Black "Karstensen, Christian"]
[Result "0-1"]
[WhiteElo "1603"]
[BlackElo "1860"]
[PlyCount "68"]
[EventDate "2015.??.??"]

1. e4 e6 2. d3 d5 3. Nd2 c5 4. Ngf3 Nc6 5. g3 g6 6. Bg2 Bg7 7. O-O Nge7 8. Re1
O-O 9. c3 d4 10. cxd4 cxd4 11. a3 e5 12. b4 a6 13. Qe2 h6 14. Nf1 Be6 15. h4
Qd7 16. N1h2 Rac8 17. Bd2 f5 18. Bh3 fxe4 19. Bxe6+ Qxe6 20. Qxe4 Qf7 21. Rf1
Nf5 22. Kg2 Nd6 23. Qe2 Rce8 24. Rae1 e4 25. dxe4 Nxe4 26. Qd3 Qd5 27. Bf4 g5
28. hxg5 hxg5 29. Bd2 Nxd2 30. Qxd2 g4 31. Qg5 gxf3+ 32. Nxf3 Qxf3+ 33. Kg1
Rxe1 34. Rxe1 Qxf2+ 0-1

[Event "Grenzturnering Mester 2015-16"]
[Site "Oster Hojst"]
[Date "2015.10.20"]
[Round "1"]
[White "Gutschenreiter, Dorian"]
[Black "Heinemann, Guido"]
[Result "1-0"]
[WhiteElo "1903"]
[BlackElo "1707"]
[PlyCount "75"]
[EventDate "2015.??.??"]

1. e4 e5 2. Nf3 Nc6 3. Bb5 a6 4. Ba4 Nf6 5. d3 d6 6. c3 Be7 7. O-O O-O 8. Re1
Bg4 9. Nbd2 Nd7 10. h3 Be6 11. d4 exd4 12. cxd4 d5 13. Bc2 Bb4 14. e5 Re8 15.
a3 Bxd2 16. Qxd2 f6 17. Qd3 g6 18. g4 Bf7 19. Bf4 fxe5 20. Nxe5 Ncxe5 21. dxe5
Nc5 22. Qc3 Ne6 23. Bg3 Qg5 24. Rad1 d4 25. Qd2 Qxd2 26. Rxd2 Ng5 27. Bd1 c5
28. f4 Ne6 29. f5 gxf5 30. gxf5 Ng7 31. e6 Nxe6 32. fxe6 Bxe6 33. Rxe6 Rxe6 34.
Bb3 Kf7 35. Bd6 Rg8+ 36. Kf1 Rgg6 37. Bxc5 Rg3 38. Rf2+ 1-0

[Event "Grenzturnering Mester 2015-16"]
[Site "Oster Hojst"]
[Date "2015.10.20"]
[Round "1"]
[White "Hansen, Hans Valdemar"]
[Black "Langner, Michel"]
[Result "1-0"]
[WhiteElo "1812"]
[BlackElo "1823"]
[PlyCount "87"]
[EventDate "2015.??.??"]

1. e4 c6 2. d4 d5 3. e5 Bf5 4. c3 e6 5. Nf3 Be7 6. b4 h5 7. a4 Nd7 8. Be3 Nh6
9. h3 a6 10. Nbd2 g5 11. Nh2 Bg6 12. b5 Nf5 13. bxc6 bxc6 14. g4 Nxe3 15. fxe3
Qa5 16. Qc1 c5 17. Be2 h4 18. O-O Rc8 19. Nb3 Qb6 20. Nd2 cxd4 21. a5 Qa7 22.
exd4 Nxe5 23. Ndf3 Nxf3+ 24. Nxf3 f6 25. Qe3 Be4 26. Nd2 Qc7 27. Nxe4 dxe4 28.
Bxa6 Qxc3 29. Qxe4 Qg3+ 30. Qg2 Rc2 31. Qxg3 hxg3 32. Rfc1 Rd2 33. Rc8+ Bd8 34.
Bf1 Rxd4 35. Bb5+ Ke7 36. Kg2 Rb4 37. Bf1 Rb2+ 38. Kxg3 Kd7 39. Rc3 Bc7+ 40.
Kf3 Rb7 41. Rd1+ Ke7 42. a6 Ra7 43. Rb1 Rb8 44. Rxc7+ 1-0

[Event "Grenzturnering Mester 2015-16"]
[Site "Oster Hojst"]
[Date "2015.10.20"]
[Round "1"]
[White "Martens, Holger"]
[Black "Palm, Eivind"]
[Result "1/2-1/2"]
[WhiteElo "1787"]
[BlackElo "1788"]
[PlyCount "126"]
[EventDate "2015.??.??"]

1. e4 c5 2. b3 Nc6 3. Bb2 Nf6 4. Nc3 e5 5. Nf3 d6 6. Bb5 Be7 7. O-O O-O 8. Bxc6
bxc6 9. Ne1 d5 10. d3 d4 11. Ne2 Bg4 12. f3 Be6 13. f4 Ng4 14. Bc1 exf4 15.
Nxf4 Ne3 16. Bxe3 dxe3 17. Qc1 Bf6 18. c3 Bg4 19. h3 Bc8 20. Rf3 Qa5 21. Ne2
Bg5 22. Nf4 f5 23. Qxe3 Qxc3 24. Rc1 Qd4 25. Qxd4 cxd4 26. g3 fxe4 27. dxe4
Bxh3 28. Rxc6 Bg4 29. Rf2 Rae8 30. Rc7 Rxe4 31. Ned3 Re7 32. Rfc2 Bf5 33. Rxe7
Bxe7 34. Rc7 Bd6 35. Rxa7 Bxd3 36. Nxd3 Rf3 37. Rd7 Rxg3+ 38. Kf2 Rxd3 39. Rxd6
Rd2+ 40. Kf3 Rxa2 41. Ke4 h5 42. Rxd4 Rb2 43. Kf5 Rxb3 44. Kg6 Rb6+ 45. Kxh5
Kh7 46. Ra4 Rb5+ 47. Kg4 Kh6 48. Ra6+ g6 49. Ra8 Rb4+ 50. Kg3 Kh5 51. Rh8+ Kg5
52. Ra8 Rb3+ 53. Kh2 Kh4 54. Ra4+ Kh5 55. Ra8 g5 56. Ra4 g4 57. Ra8 Kh4 58.
Rh8+ Kg5 59. Rg8+ Kf5 60. Rf8+ Ke6 61. Re8+ Kf5 62. Rf8+ Ke6 63. Re8+ Kf5
1/2-1/2

[Event "Grenzturnering Mester 2015-16"]
[Site "Flensburg"]
[Date "2015.11.17"]
[Round "2"]
[White "Falsig, Niels"]
[Black "Gutschenreiter, Dorian"]
[Result "1/2-1/2"]
[WhiteElo "1879"]
[BlackElo "1903"]
[PlyCount "81"]
[EventDate "2015.??.??"]

1. d4 Nf6 2. Nf3 g6 3. c4 Bg7 4. Nc3 O-O 5. g3 d6 6. Bg2 Nc6 7. O-O e5 8. d5
Ne7 9. e4 c6 10. Bg5 cxd5 11. cxd5 h6 12. Bxf6 Bxf6 13. Rc1 a6 14. a4 Bg7 15.
Qd3 f5 16. Nd2 f4 17. Rc2 g5 18. Rfc1 g4 19. Nd1 Bd7 20. b3 b5 21. axb5 axb5
22. b4 Qb6 23. Nb3 Ra7 24. Na5 Be8 25. Nc6 Rc7 26. Bf1 Bg6 27. Nxe7+ Rxe7 28.
Rc6 Qb8 29. Nc3 Be8 30. Nxb5 Bxc6 31. dxc6 fxg3 32. hxg3 Qb6 33. Rc2 Ref7 34.
Qc4 Kh7 35. Qa2 Rf6 36. Qb2 Rc8 37. c7 h5 38. Qc3 Bf8 39. Qc6 Qxc6 40. Rxc6 Rf7
41. Rb6 1/2-1/2

[Event "Grenzturnering Mester 2015-16"]
[Site "Flensburg"]
[Date "2015.11.17"]
[Round "2"]
[White "Heinemann, Guido"]
[Black "Martens, Holger"]
[Result "1/2-1/2"]
[WhiteElo "1707"]
[BlackElo "1787"]
[PlyCount "99"]
[EventDate "2015.??.??"]

1. e4 c5 2. c3 e6 3. d4 d5 4. e5 Nc6 5. Nf3 Qb6 6. Bd3 Bd7 7. Bc2 cxd4 8. cxd4
Nb4 9. O-O Nxc2 10. Qxc2 Rc8 11. Nc3 Bb4 12. Bd2 Ne7 13. a3 Bxc3 14. bxc3 O-O
15. Rfb1 Qa6 16. Ng5 Ng6 17. h4 Bb5 18. Qb3 Bc6 19. h5 Ne7 20. Qc2 g6 21. Qd1
Qd3 22. Nh3 Qa6 23. Qf3 gxh5 24. Qxh5 Qd3 25. Bh6 Rfe8 26. Bg5 Qg6 27. Qf3 h6
28. Bf6 Kf8 29. Nf4 Qe4 30. Qg3 Ng6 31. Nxg6+ Qxg6 32. Qh3 Ba4 33. Re1 h5 34.
Re3 Qg4 35. Rae1 Rc7 36. Rg3 Qxh3 37. Rxh3 Rec8 38. Rxh5 Ke8 39. Rh8+ Kd7 40.
Rxc8 Rxc8 41. Re3 Bc2 42. f3 Rc4 43. Bg7 Ke7 44. g4 Ra4 45. Re2 Bd1 46. Rh2
Bxf3 47. Rh8 Kd7 48. Rh3 Bxg4 49. Rg3 Bf5 50. Bf8 1/2-1/2

[Event "Grenzturnering Mester 2015-16"]
[Site "Flensburg"]
[Date "2015.11.17"]
[Round "2"]
[White "Isler, Benjamin"]
[Black "Gutschenreiter, Donato"]
[Result "1/2-1/2"]
[WhiteElo "1651"]
[BlackElo "1603"]
[PlyCount "104"]
[EventDate "2015.??.??"]

1. b4 Nf6 2. Bb2 e6 3. b5 d5 4. e3 Bd7 5. c4 c6 6. a4 a6 7. Qb3 axb5 8. axb5
Rxa1 9. Bxa1 cxb5 10. Bxf6 Qxf6 11. cxd5 exd5 12. Bxb5 Bxb5 13. Qxb5+ Qc6 14.
Nc3 Qxb5 15. Nxb5 Na6 16. Ne2 Nb4 17. Nec3 Kd7 18. Ke2 Be7 19. Na4 Bd8 20. Rc1
Ba5 21. Nd4 b6 22. Nb3 Kd6 23. Nd4 Kd7 24. Nb3 Rc8 25. Rxc8 Kxc8 26. Nd4 Kd7
27. Nc3 g6 28. Nf3 f6 29. Nd4 Kd6 30. Ncb5+ Kc5 31. Nc7 Kd6 32. Ncb5+ Kd7 33.
g4 Nc6 34. Nb3 Bb4 35. d3 Bd6 36. Nxd6 Kxd6 37. f4 Ke6 38. Na1 f5 39. g5 b5 40.
Kd2 b4 41. Kc2 Kd6 42. Nb3 Na7 43. Nd4 Nc6 44. Kb3 Ne7 45. Kxb4 Ng8 46. Nf3 h6
47. gxh6 Nxh6 48. Nh4 Ng4 49. Nxg6 Nxh2 50. Nh4 Ke6 51. Kc5 Nf1 52. Nxf5 Kxf5
1/2-1/2

[Event "Grenzturnering Mester 2015-16"]
[Site "Flensburg"]
[Date "2015.11.17"]
[Round "2"]
[White "Langner, Michel"]
[Black "Christiansen, Nahmen"]
[Result "1/2-1/2"]
[WhiteElo "1823"]
[BlackElo "1710"]
[PlyCount "81"]
[EventDate "2015.??.??"]

1. e4 c5 2. f4 Nc6 3. Nf3 d5 4. e5 Bg4 5. Be2 e6 6. c3 Qb6 7. d3 Nge7 8. h3
Bxf3 9. Bxf3 Nf5 10. g4 Nh4 11. Be2 Be7 12. Kf1 d4 13. c4 a5 14. Nd2 f6 15.
exf6 gxf6 16. Qe1 Ng6 17. Ne4 Nb4 18. Qd2 e5 19. a3 Na6 20. f5 Nf4 21. Bd1
O-O-O 22. Qc2 Qc7 23. Bf3 Rdg8 24. Bd2 b6 25. b4 cxb4 26. axb4 Nxb4 27. Bxb4
Bxb4 28. Nxf6 Rf8 29. Ne4 h5 30. Rc1 Qe7 31. c5 bxc5 32. Nxc5 Qxc5 33. Qxc5+
Bxc5 34. Rxc5+ Kd7 35. Rxe5 Rb8 36. Rxa5 hxg4 37. Ra7+ Kd6 38. Ra6+ Ke5 39.
Ra5+ Kf6 40. Ra6+ Ke5 41. Ra5+ 1/2-1/2

[Event "Grenzturnering Mester 2015-16"]
[Site "Flensburg"]
[Date "2015.11.17"]
[Round "2"]
[White "Millgramm, Stephan"]
[Black "Karstensen, Christian"]
[Result "1/2-1/2"]
[WhiteElo "1817"]
[BlackElo "1860"]
[PlyCount "66"]
[EventDate "2015.??.??"]

1. c3 d5 2. Qc2 g6 3. d4 Bg7 4. Bf4 Nf6 5. e3 O-O 6. Bd3 Nbd7 7. Nf3 c5 8. Qe2
Re8 9. Ne5 Nh5 10. Bb5 a6 11. Bxd7 Bxd7 12. Nxd7 Qxd7 13. Bg3 Rac8 14. O-O Nxg3
15. hxg3 b5 16. Rd1 cxd4 17. cxd4 e5 18. dxe5 Bxe5 19. Qd2 Qf5 20. Nc3 b4 21.
Nxd5 Rc2 22. Qe1 Bxb2 23. Rab1 Bc3 24. Nxc3 bxc3 25. Rbc1 Rxc1 26. Rxc1 c2 27.
Qe2 Rc8 28. e4 Qc5 29. Qd3 Qb4 30. Qxa6 Rc3 31. Qe2 Qb2 32. Qd2 Rc4 33. a4 Rxe4
1/2-1/2

[Event "Grenzturnering Mester 2015-16"]
[Site "Flensburg"]
[Date "2015.11.17"]
[Round "2"]
[White "Palm, Eivind"]
[Black "Hansen, Hans Valdemar"]
[Result "1-0"]
[WhiteElo "1788"]
[BlackElo "1812"]
[PlyCount "91"]
[EventDate "2015.??.??"]

1. Nf3 d5 2. d4 Bf5 3. g3 e6 4. Bg2 c5 5. O-O Nc6 6. c4 dxc4 7. Qa4 Be4 8. Nbd2
Bxf3 9. Nxf3 Qd7 10. dxc5 Bxc5 11. Rd1 Qc8 12. Qxc4 Bb6 13. Bf4 Nge7 14. Rac1
O-O 15. Ne5 Nxe5 16. Qxc8 Raxc8 17. Bxe5 Nc6 18. Bxc6 bxc6 19. Rd7 f6 20. Bc3
c5 21. Rcd1 Rfd8 22. a4 Rxd7 23. Rxd7 Bc7 24. f4 Kf8 25. Kf2 Bb8 26. Kf3 Kg8
27. g4 e5 28. fxe5 fxe5 29. h3 a6 30. Ke4 c4 31. Kd5 g6 32. Re7 h5 33. Re6 Kf7
34. Rxa6 hxg4 35. hxg4 Rc7 36. Rc6 Rxc6 37. Kxc6 Kf6 38. Bd2 Ba7 39. Kd5 Bd4
40. Bc3 Ba7 41. Bxe5+ Kg5 42. Kxc4 Kxg4 43. b4 Kf5 44. Bc7 g5 45. b5 Be3 46. b6
1-0

[Event "Grenzturnering Mester 2015-16"]
[Site "Flensburg"]
[Date "2015.12.01"]
[Round "3"]
[White "Christiansen, Nahmen"]
[Black "Isler, Benjamin"]
[Result "1/2-1/2"]
[WhiteElo "1710"]
[BlackElo "1651"]
[PlyCount "44"]
[EventDate "2015.??.??"]

1. e4 e6 2. Qe2 Be7 3. g3 d5 4. Bg2 Nf6 5. e5 Nfd7 6. Nf3 c5 7. c3 Nc6 8. d4
Qb6 9. Be3 cxd4 10. cxd4 Bb4+ 11. Nc3 O-O 12. O-O Bxc3 13. bxc3 f6 14. Bh3 Na5
15. exf6 Nxf6 16. Rab1 Qc6 17. Rfc1 Nc4 18. Bd2 Ne4 19. Be1 b6 20. Ne5 Nxe5 21.
dxe5 Bb7 22. Bg2 Rf5 1/2-1/2

[Event "Grenzturnering Mester 2015-16"]
[Site "Oster Hojst"]
[Date "2015.12.08"]
[Round "3"]
[White "Karstensen, Christian"]
[Black "Gutschenreiter, Dorian"]
[Result "1-0"]
[WhiteElo "1860"]
[BlackElo "1903"]
[PlyCount "41"]
[EventDate "2015.??.??"]

1. e4 c5 2. d4 cxd4 3. c3 Nf6 4. e5 Nd5 5. cxd4 Nc6 6. Nf3 d6 7. Be2 Bf5 8. O-O
e6 9. a3 Be7 10. Nbd2 Nf4 11. exd6 Qxd6 12. Nc4 Nxe2+ 13. Qxe2 Qc7 14. Be3 O-O
15. Rac1 Rac8 16. b4 Bf6 17. Nce5 Qd6 18. Qb5 Bxe5 19. dxe5 Qe7 20. Bc5 Qd7 21.
Rfd1 1-0

[Event "Grenzturnering Mester 2015-16"]
[Site "Oster Hojst"]
[Date "2015.12.08"]
[Round "3"]
[White "Langner, Michel"]
[Black "Gutschenreiter, Donato"]
[Result "1-0"]
[WhiteElo "1823"]
[BlackElo "1603"]
[PlyCount "83"]
[EventDate "2015.??.??"]

1. e4 c5 2. f4 d6 3. Nf3 g6 4. Bc4 Bg7 5. O-O a6 6. c3 Nf6 7. d3 b5 8. Bb3 Nc6
9. Bc2 O-O 10. Nh4 Bg4 11. Qe1 b4 12. f5 bxc3 13. bxc3 Qb6 14. Bb3 Bh5 15. h3
Rab8 16. fxg6 Bxg6 17. Nf5 Qa7 18. Nxg7 Kxg7 19. Kh2 Ne5 20. Bc2 c4 21. d4 Nd3
22. Bxd3 cxd3 23. Rxf6 exf6 24. Qh4 h5 25. Qf4 Qe7 26. Ba3 Rfd8 27. Nd2 Rbc8
28. c4 Qe6 29. Rf1 Rd7 30. Bb2 d5 31. cxd5 Qb6 32. Ba1 Qd6 33. e5 Qxd5 34.
exf6+ Kh7 35. Nf3 Qxa2 36. Ng5+ Kg8 37. Nf3 Qe6 38. Qh6 Qxf6 39. d5 Qd6+ 40.
Be5 Qxe5+ 41. Nxe5 Rdd8 42. Nxf7 1-0

[Event "Grenzturnering Mester 2015-16"]
[Site "Oster Hojst"]
[Date "2015.12.08"]
[Round "3"]
[White "Martens, Holger"]
[Black "Hansen, Hans Valdemar"]
[Result "1-0"]
[WhiteElo "1787"]
[BlackElo "1812"]
[PlyCount "23"]
[EventDate "2015.??.??"]

1. e4 e5 2. Nf3 Nc6 3. Bc4 Bc5 4. O-O d6 5. d3 h6 6. Be3 Bxe3 7. fxe3 Na5 8.
Bxf7+ Kxf7 9. Nxe5+ Ke7 10. Rf7+ Ke8 11. Qh5 Qg5 12. Rf8+ 1-0

[Event "Grenzturnering Mester 2015-16"]
[Site "Tonder"]
[Date "2016.01.18"]
[Round "3"]
[White "Millgramm, Stephan"]
[Black "Falsig, Niels"]
[Result "0-1"]
[WhiteElo "1817"]
[BlackElo "1879"]
[PlyCount "66"]
[EventDate "2015.??.??"]

1. e4 c5 2. d4 cxd4 3. c3 dxc3 4. Nxc3 Nc6 5. Nf3 g6 6. Bc4 e6 7. O-O Bg7 8.
Bf4 Nge7 9. Nb5 O-O 10. Nd6 Bxb2 11. Rb1 Bg7 12. Qd2 Qa5 13. Qe3 b6 14. Bh6 Ba6
15. Bxa6 Qxa6 16. Bxg7 Kxg7 17. Qc3+ f6 18. Rfd1 Rad8 19. e5 fxe5 20. Nxe5 Nxe5
21. Qxe5+ Kg8 22. Qg5 Nd5 23. Rxd5 exd5 24. Qxd5+ Kg7 25. Re1 Qa4 26. Re7+ Kh6
27. Ne4 Qa5 28. Qd1 Rf5 29. g4 Re5 30. Rf7 Rxe4 31. Qc1+ g5 32. Qb1 Re1+ 33.
Kg2 Qd5+ 0-1

[Event "Grenzturnering Mester 2015-16"]
[Site "Tonder"]
[Date "2016.01.11"]
[Round "4"]
[White "Isler, Benjamin"]
[Black "Hansen, Hans Valdemar"]
[Result "0-1"]
[WhiteElo "1651"]
[BlackElo "1812"]
[PlyCount "36"]
[EventDate "2015.??.??"]

1. e4 c5 2. Nf3 Nc6 3. d4 cxd4 4. Nxd4 e5 5. Nb3 Nf6 6. Nc3 Bb4 7. Bd3 O-O 8.
Bd2 d5 9. Qf3 d4 10. Nd5 Bxd2+ 11. Kxd2 Nxd5 12. exd5 Qg5+ 13. Ke1 Nb4 14. Be4
f5 15. Bd3 e4 16. Bxe4 fxe4 17. Qxe4 Bf5 18. Qf3 Nxc2+ 0-1

[Event "Grenzturnering Mester 2015-16"]
[Site "Tonder"]
[Date "2016.01.11"]
[Round "4"]
[White "Karstensen, Christian"]
[Black "Falsig, Niels"]
[Result "1/2-1/2"]
[WhiteElo "1860"]
[BlackElo "1879"]
[PlyCount "69"]
[EventDate "2015.??.??"]

1. e4 d5 2. exd5 Nf6 3. Be2 Nxd5 4. d4 g6 5. c4 Nf6 6. Nc3 Bg7 7. Be3 O-O 8.
Qd2 Re8 9. O-O-O Bf5 10. Bf3 c6 11. Nge2 Nbd7 12. Ng3 Bg4 13. Qe2 Bxf3 14. Qxf3
Qa5 15. h4 h5 16. Nge4 b5 17. Nxf6+ Nxf6 18. Qxc6 bxc4 19. Rhe1 Rec8 20. Qa4
Qxa4 21. Nxa4 Nd5 22. Nc5 Rc7 23. Kb1 e6 24. Rc1 c3 25. bxc3 Rb8+ 26. Kc2 e5
27. Rb1 Rb6 28. Rb3 exd4 29. cxd4 Bf8 30. Kb2 Nxe3 31. Rexe3 Bxc5 32. dxc5 Rxc5
33. Re7 Rxb3+ 34. Kxb3 a6 35. g3 1/2-1/2

[Event "Grenzturnering Mester 2015-16"]
[Site "Flensburg"]
[Date "2016.01.05"]
[Round "4"]
[White "Langner, Michel"]
[Black "Heinemann, Guido"]
[Result "0-1"]
[WhiteElo "1823"]
[BlackElo "1707"]
[PlyCount "46"]
[EventDate "2015.??.??"]

1. e4 c5 2. f4 d5 3. e5 Nh6 4. Nf3 e6 5. Bb5+ Bd7 6. Bxd7+ Nxd7 7. d3 Be7 8.
O-O d4 9. Nbd2 f5 10. exf6 Nxf6 11. Ng5 Qd5 12. Qe2 Nf5 13. Nc4 h6 14. Nxe6 Rc8
15. Re1 Kf7 16. g4 Nh4 17. Ng5+ hxg5 18. Qxe7+ Kg6 19. Ne5+ Kh7 20. Re2 Rhe8
21. Qf7 Qxf7 22. Nxf7 Rxe2 23. Nxg5+ Kg8 0-1

[Event "Grenzturnering Mester 2015-16"]
[Site "Tonder"]
[Date "2016.01.11"]
[Round "4"]
[White "Martens, Holger"]
[Black "Millgramm, Stephan"]
[Result "0-1"]
[WhiteElo "1787"]
[BlackElo "1817"]
[PlyCount "79"]
[EventDate "2015.??.??"]

1. e4 e6 2. d4 d5 3. Nd2 dxe4 4. Nxe4 Nf6 5. Bg5 Be7 6. Nxf6+ Bxf6 7. Bxf6 Qxf6
8. Nf3 Nd7 9. Bb5 c6 10. Bd3 O-O 11. O-O e5 12. c3 exd4 13. Nxd4 Ne5 14. Be2
Rd8 15. Qe1 Qg6 16. f4 Ng4 17. f5 Qg5 18. Bxg4 Qxg4 19. Qe7 Rf8 20. Rae1 h6 21.
Re4 Qg5 22. Rfe1 Qxe7 23. Rxe7 c5 24. Nb5 Bxf5 25. Rxb7 a6 26. Nd6 Be6 27. Ne4
Bd5 28. Rc7 Rfe8 29. Rd1 Bxe4 30. Rdd7 Bg6 31. Rxc5 Re1+ 32. Kf2 Rae8 33. Rd2
R1e6 34. b4 Rf6+ 35. Kg3 Re3+ 36. Kg4 h5+ 37. Kg5 Re4 38. h3 Rff4 39. g3 Rg4+
40. hxg4 0-1

[Event "Grenzturnering Mester 2015-16"]
[Site "Leck"]
[Date "2016.02.09"]
[Round "5"]
[White "Falsig, Niels"]
[Black "Martens, Holger"]
[Result "0-1"]
[WhiteElo "1879"]
[BlackElo "1787"]
[PlyCount "56"]
[EventDate "2015.??.??"]

1. d4 Nf6 2. Nf3 e6 3. c4 Be7 4. Nc3 O-O 5. e4 d5 6. e5 Ne8 7. c5 b6 8. b4 a5
9. bxa5 bxc5 10. dxc5 Rxa5 11. Bd3 Ba6 12. Bxa6 Nxa6 13. O-O Bxc5 14. Bd2 Bb4
15. Nd4 Qd7 16. Qb3 c5 17. Nc2 c4 18. Qb2 Bc5 19. Ne2 Rb5 20. Qc3 Qb7 21. Ned4
Rb6 22. Na3 Nec7 23. Rab1 Bb4 24. Qe3 Bxa3 25. Nxe6 Rxb1 26. Nxg7 Rxf1+ 27.
Kxf1 Qb1+ 28. Ke2 Qd3+ 0-1

[Event "Grenzturnering Mester 2015-16"]
[Site "Leck"]
[Date "2016.02.09"]
[Round "5"]
[White "Gutschenreiter, Donato"]
[Black "Palm, Eivind"]
[Result "0-1"]
[WhiteElo "1603"]
[BlackElo "1788"]
[PlyCount "106"]
[EventDate "2015.??.??"]

1. c4 e6 2. g3 f5 3. e3 Nf6 4. Nc3 c6 5. d4 Bb4 6. Bd2 O-O 7. Nge2 d5 8. c5 Ba5
9. a3 Bc7 10. b4 e5 11. dxe5 Bxe5 12. Nd4 Re8 13. Be2 Bxd4 14. exd4 Ne4 15.
Nxe4 dxe4 16. Be3 Be6 17. h4 Nd7 18. a4 Nf6 19. Bg5 h6 20. Bxf6 Qxf6 21. Qd2
Rad8 22. Rd1 Re7 23. Qc3 Red7 24. Bc4 Bxc4 25. Qxc4+ Kh7 26. d5 Rxd5 27. Rxd5
Rxd5 28. O-O Qd4 29. Rc1 Qxc4 30. Rxc4 g5 31. hxg5 hxg5 32. Kf1 Kg6 33. g4 Kf6
34. gxf5 Kxf5 35. Ke2 g4 36. b5 Ke5 37. bxc6 bxc6 38. Rc3 Rd4 39. Ra3 Rc4 40.
Ra1 Rxc5 41. Rh1 Kf4 42. Rh7 Rc2+ 43. Kf1 a5 44. Ra7 Rc5 45. Rf7+ Rf5 46. Rc7
g3 47. fxg3+ Kxg3+ 48. Ke2 Kf4 49. Rxc6 Rd5 50. Rc4 Rh5 51. Kf2 Rh2+ 52. Kg1
Ra2 53. Kh1 Kf3 0-1

[Event "Grenzturnering Mester 2015-16"]
[Site "Leck"]
[Date "2016.02.09"]
[Round "5"]
[White "Gutschenreiter, Dorian"]
[Black "Millgramm, Stephan"]
[Result "0-1"]
[WhiteElo "1903"]
[BlackElo "1817"]
[PlyCount "40"]
[EventDate "2015.??.??"]

1. e4 e6 2. d4 d5 3. Nd2 dxe4 4. Nxe4 Bd7 5. Nf3 Bc6 6. Bd3 Nf6 7. Bg5 Be7 8.
Ng3 Bxf3 9. gxf3 c6 10. c3 Nbd7 11. Qc2 Qa5 12. Bd2 O-O-O 13. a3 Qc7 14. O-O-O
c5 15. Be3 c4 16. Bf1 Nd5 17. Qa4 N7b6 18. Qxa7 Qc6 19. a4 Kd7 20. Qa5 Nxa4 0-1

[Event "Grenzturnering Mester 2015-16"]
[Site "Leck"]
[Date "2016.02.09"]
[Round "5"]
[White "Hansen, Hans Valdemar"]
[Black "Christiansen, Nahmen"]
[Result "1-0"]
[WhiteElo "1812"]
[BlackElo "1710"]
[PlyCount "81"]
[EventDate "2015.??.??"]

1. e4 c5 2. c3 d5 3. exd5 Qxd5 4. Nf3 Nf6 5. Na3 e6 6. Bb5+ Bd7 7. O-O Bxb5 8.
Nxb5 Qc6 9. c4 Be7 10. Ne5 Qc8 11. d4 cxd4 12. Nxd4 O-O 13. b3 Qc5 14. Ndf3 Rd8
15. Qc2 Nbd7 16. Be3 Qc7 17. Nxf7 Kxf7 18. Ng5+ Kg8 19. Nxe6 Qe5 20. Nxd8 Ng4
21. g3 Nxe3 22. fxe3 Qxe3+ 23. Kh1 Rxd8 24. Qf5 Rf8 25. Qd5+ Kh8 26. Rfe1 Qc3
27. Rac1 Nf6 28. Qxb7 Qd2 29. Qxe7 Rg8 30. Rcd1 Qf2 31. Rf1 Qc2 32. Rd8 h6 33.
Rxf6 Qb1+ 34. Kg2 Rxd8 35. Qxd8+ Kh7 36. Rf3 Qxa2+ 37. Kh3 Qa6 38. Qd3+ Kg8 39.
Qf5 Qb6 40. c5 Qc6 41. Rd3 1-0

[Event "Grenzturnering Mester 2015-16"]
[Site "Leck"]
[Date "2016.02.09"]
[Round "5"]
[White "Heinemann, Guido"]
[Black "Karstensen, Christian"]
[Result "1/2-1/2"]
[WhiteElo "1707"]
[BlackElo "1860"]
[PlyCount "45"]
[EventDate "2015.??.??"]

1. e4 e6 2. d4 d5 3. Nc3 Nf6 4. Bg5 Be7 5. e5 Nfd7 6. Bxe7 Qxe7 7. Qg4 O-O 8.
O-O-O c5 9. f4 Nc6 10. Nf3 f5 11. Qg3 cxd4 12. Nxd4 Nxd4 13. Rxd4 Nc5 14. b4
Ne4 15. Nxe4 fxe4 16. Qe3 Bd7 17. Be2 a5 18. b5 a4 19. Kd2 b6 20. Rb1 Qc5 21.
g3 Rfc8 22. c4 Be8 23. f5 1/2-1/2

[Event "Grenzturnering Mester 2015-16"]
[Site "Flensburg"]
[Date "2016.03.08"]
[Round "6"]
[White "Christiansen, Nahmen"]
[Black "Gutschenreiter, Dorian"]
[Result "1/2-1/2"]
[WhiteElo "1710"]
[BlackElo "1903"]
[PlyCount "101"]
[EventDate "2015.??.??"]

1. e4 c5 2. Nf3 d6 3. d4 cxd4 4. Nxd4 Nf6 5. Nc3 g6 6. f4 Nc6 7. Be2 Bg7 8. Be3
O-O 9. O-O Qb6 10. Rb1 Nxe4 11. Nd5 Qd8 12. Bf3 Nc5 13. Nxc6 bxc6 14. Nb4 Bd7
15. Bxc6 Bxc6 16. Nxc6 Qc7 17. Nb4 Rab8 18. Nd5 Qb7 19. c3 a5 20. Bxc5 dxc5 21.
Qf3 Rfd8 22. Rfd1 e6 23. Ne3 Rxd1+ 24. Nxd1 Qxf3 25. gxf3 Bh6 26. Nf2 Bxf4 27.
Nd3 Be3+ 28. Kf1 c4 29. Ke2 Bh6 30. Ne5 Rc8 31. Rd1 Bf4 32. Ng4 h5 33. Ne3 Bxh2
34. Rd4 Be5 35. Rxc4 Rxc4 36. Nxc4 Bc7 37. b4 axb4 38. cxb4 h4 39. b5 Kf8 40.
b6 Bf4 41. a4 Ke8 42. a5 Kd7 43. a6 Kc6 44. a7 Kb7 45. Na5+ Ka8 46. Nc6 h3 47.
Kf2 Bd6 48. Nd8 Bc5+ 49. Kg3 Bxb6 50. Nxf7 Kxa7 51. Kxh3 1/2-1/2

[Event "Grenzturnering Mester 2015-16"]
[Site "Oster Hojst"]
[Date "2016.04.19"]
[Round "6"]
[White "Karstensen, Christian"]
[Black "Martens, Holger"]
[Result "1/2-1/2"]
[WhiteElo "1860"]
[BlackElo "1787"]
[PlyCount "62"]
[EventDate "2015.??.??"]

1. e4 c5 2. Nf3 e6 3. Nc3 d5 4. d4 dxe4 5. Nxe4 cxd4 6. Nxd4 e5 7. Nb5 Qxd1+ 8.
Kxd1 Na6 9. Bc4 Bg4+ 10. f3 O-O-O+ 11. Ke2 Bh5 12. Be3 f5 13. Be6+ Kb8 14. Bxf5
b6 15. Rhd1 Be7 16. Rxd8+ Bxd8 17. Rd1 Nf6 18. Nxf6 Bxf6 19. Rd7 Be8 20. g4 g6
21. Be6 Bxd7 22. Bxd7 Rd8 23. Be6 Nb4 24. c3 Nd5 25. Bxd5 Rxd5 26. c4 Rd7 27.
Nc3 Bg7 28. b3 Kb7 29. a4 Bf8 30. Nd5 Bc5 31. Bd2 Kc6 1/2-1/2